What congress and Gandhi have done to the untouchables / (Record no. 56300)

MARC details
000 -LEADER
fixed length control field 00844nam a2200217 a 4500
005 - DATE AND TIME OF LATEST TRANSACTION
control field 20110905140322.0
010 ## - LCCN (DPL NO)
LC control number G-001357
020 ## - INTERNATIONAL STANDARD BOOK NUMBER
Terms of availability 800.00
International Standard Book Number 97881877339977
035 ## - SYSTEM CONTROL NUMBER
System control number G-001357
037 ## - SOURCE OF ACQUISITION
Source of stock number/acquisition Gift
082 ## - DEWEY DECIMAL CLASSIFICATION NUMBER
Classification number 323.30954
100 ## - MAIN ENTRY--PERSONAL NAME
Personal name Ambedkar, B.R.
245 ## - TITLE STATEMENT
Title What congress and Gandhi have done to the untouchables /
Statement of responsibility, etc by B.R. Ambedkar
260 ## - PUBLICATION, DISTRIBUTION, ETC. (IMPRINT)
Place of publication, distribution, etc Delhi
Name of publisher, distributor, etc Gautam Book Centre
Date of publication, distribution, etc 2009
270 ## - ADDRESS
Address C-263A, Chandan Sadan, Gali No. 9, hardevpuri, Shahdra,
City Delhi
Postal code 110093
300 ## - PHYSICAL DESCRIPTION
Extent xiv, 383p.
Dimensions 22cm(Hb)
500 ## - GENERAL NOTE
General note Includes index
942 ## - ADDED ENTRY ELEMENTS (KOHA)
Source of classification or shelving scheme Dewey Decimal Classification
Item type English Books
Call number suffix AMB
Classification part 323.30954
Holdings
Withdrawn status Lost status Not for loan Collection code Home library Current library Date acquired Source of acquisition Cost, normal purchase price Full call number Barcode Copy number Cost, replacement price Koha item type
      Non-fiction Janak Puri Janak Puri 05/09/2011 gift 800.00 323.30954 AMB G-001357 1 800.00 English Books

© Delhi Public Library
Hit Counter
free hit counter